<?xml version="1.0" encoding="UTF-8"?>
<record
    xmlns:xsi="http://www.w3.org/2001/XMLSchema-instance"
    xsi:schemaLocation="http://www.loc.gov/MARC21/slim http://www.loc.gov/standards/marcxml/schema/MARC21slim.xsd"
    xmlns="http://www.loc.gov/MARC21/slim">

  <leader>01362nam a2200325 i 4500</leader>
  <datafield tag="999" ind1=" " ind2=" ">
    <subfield code="c">7877</subfield>
    <subfield code="d">7877</subfield>
  </datafield>
  <controlfield tag="001">991060537808006706</controlfield>
  <controlfield tag="003">OSt</controlfield>
  <controlfield tag="005">20240306134351.0</controlfield>
  <controlfield tag="008">220427e202202  spcb||||||||| 000 0dcat  </controlfield>
  <datafield tag="015" ind1=" " ind2=" ">
    <subfield code="a">LL2022</subfield>
    <subfield code="2">bnc</subfield>
  </datafield>
  <datafield tag="017" ind1=" " ind2=" ">
    <subfield code="a">DL B 2066-2022</subfield>
    <subfield code="b">Biblioteca de Catalunya</subfield>
  </datafield>
  <datafield tag="020" ind1=" " ind2=" ">
    <subfield code="a">9788418928109</subfield>
  </datafield>
  <datafield tag="040" ind1=" " ind2=" ">
    <subfield code="a">ES-BaBC</subfield>
    <subfield code="b">cat</subfield>
    <subfield code="e">rda</subfield>
    <subfield code="c">CDMR</subfield>
  </datafield>
  <datafield tag="043" ind1=" " ind2=" ">
    <subfield code="a">e-sp---</subfield>
    <subfield code="b">e-spc--</subfield>
    <subfield code="2">catmarc</subfield>
  </datafield>
  <datafield tag="080" ind1=" " ind2=" ">
    <subfield code="a">796</subfield>
    <subfield code="x">-051</subfield>
    <subfield code="x">-055.2</subfield>
    <subfield code="x">(460.23)</subfield>
    <subfield code="2">2004</subfield>
  </datafield>
  <datafield tag="080" ind1=" " ind2=" ">
    <subfield code="a">796</subfield>
    <subfield code="x">(460.23)</subfield>
    <subfield code="2">2004</subfield>
  </datafield>
  <datafield tag="100" ind1="1" ind2=" ">
    <subfield code="a">Ballbona, Anna,</subfield>
  </datafield>
  <datafield tag="245" ind1="1" ind2="0">
    <subfield code="a">Elles competeixen /</subfield>
    <subfield code="c">Anna Ballbona ; ep&#xED;legs d'Alexia Putellas i Gemma Mengual</subfield>
  </datafield>
  <datafield tag="264" ind1=" " ind2="1">
    <subfield code="a">Barcelona :</subfield>
    <subfield code="b">Ara Llibres,</subfield>
    <subfield code="c">2022</subfield>
  </datafield>
  <datafield tag="300" ind1=" " ind2=" ">
    <subfield code="a">190 p&#xE0;gines ;</subfield>
    <subfield code="c">21 cm</subfield>
  </datafield>
  <datafield tag="490" ind1="1" ind2=" ">
    <subfield code="a">Pausa ;</subfield>
    <subfield code="v">12</subfield>
  </datafield>
  <datafield tag="500" ind1=" " ind2=" ">
    <subfield code="a">A la coberta: "Lluites i hero&#xEF;nes de l'esport femen&#xED;"</subfield>
  </datafield>
  <datafield tag="500" ind1=" " ind2=" ">
    <subfield code="a">Inclou testimonis que expliquen les traject&#xF2;ries, dificultats i aprenentatges de l'esport femen&#xED; com s&#xF3;n: Montse Ordeix Morillo, Roser Tarrag&#xF3;, Anna Quintana, Laia Esqu&#xED;s, Marta Garc&#xED;a, Nicole Wiggins, Aliona Bolsova, In&#xE9;s Etxegibel, N&#xFA;ria Picas, Olga Viza, Laia Sanz, Marta Gens, Laia Palau, Montserrat Ubia, Mireia Vicente, Laura Pe&#xF1;a, Inma Puig</subfield>
  </datafield>
  <datafield tag="650" ind1=" " ind2="7">
    <subfield code="a">Dones esportistes</subfield>
    <subfield code="z">Catalunya.</subfield>
    <subfield code="2">lemac</subfield>
  </datafield>
  <datafield tag="650" ind1=" " ind2="7">
    <subfield code="a">Esports</subfield>
    <subfield code="z">Catalunya .</subfield>
    <subfield code="2">lemac</subfield>
  </datafield>
  <datafield tag="830" ind1=" " ind2="0">
    <subfield code="a">Pausa (Ara Llibres) ;</subfield>
    <subfield code="v">12</subfield>
  </datafield>
  <datafield tag="908" ind1=" " ind2=" ">
    <subfield code="a">BC</subfield>
    <subfield code="a">ICD</subfield>
    <subfield code="a">UB</subfield>
  </datafield>
  <datafield tag="940" ind1=" " ind2=" ">
    <subfield code="a">BC</subfield>
  </datafield>
  <datafield tag="942" ind1=" " ind2=" ">
    <subfield code="2">udc</subfield>
    <subfield code="c">MON</subfield>
  </datafield>
  <datafield tag="952" ind1=" " ind2=" ">
    <subfield code="0">0</subfield>
    <subfield code="1">0</subfield>
    <subfield code="4">0</subfield>
    <subfield code="7">0</subfield>
    <subfield code="a">CDMR</subfield>
    <subfield code="b">CDMR</subfield>
    <subfield code="d">2024-03-06</subfield>
    <subfield code="e">Donaci&#xF3;</subfield>
    <subfield code="g">19.50</subfield>
    <subfield code="l">0</subfield>
    <subfield code="o">Dj /133</subfield>
    <subfield code="p">CDMR22031261</subfield>
    <subfield code="r">2024-03-06</subfield>
    <subfield code="w">2024-03-06</subfield>
    <subfield code="y">MON</subfield>
  </datafield>
</record>
